000 00339nam a2200145Ia 4500
008 191201s2013 xx 000 0 und d
082 _a658.0072
_bBAB
100 _aBAJPAI, Naval
245 0 _aBusiness Research Methods
250 _aIMP 3rd
260 _aN. delhi
_bpearson
_c2013
300 _a762
650 _aBBA
942 _2ddc
_cBK
_02
999 _c5546
_d5546